000 00244nam a22001097a 4500
008 170112b xxu||||| |||| 00| 0 eng d
020 _a0801630576
041 _aeng
080 _a618.2
245 _aEMERGENCY MEDICINE
_cROSEN, P
942 _2udc
_cBK
999 _c2761
_d2761